Food master 2014 : the industry's only database listing ingredients and R & D services.

Bibliographic Details
Format: Book
Published: Michigen: BNP Media, 2014.
Subjects:
LEADER 00470cam a2200145 7i4500
001 0000031671
005 20140926090000.0
090 0 0 |a P 664.0092   |b FOO 
245 0 0 |a Food master 2014 :   |b the industry's only database listing ingredients and R & D services. 
260 0 0 |a Michigen:   |b BNP Media,   |c 2014. 
300 # # |a [v.p]. 
650 0 0 |a Food --   |x Supplies  
650 0 0 |a Food --   |x Services  
650 0 0 |a Food --   |x Ingredients  
999 |a 0000034630  |b Book  |c Products  |e Business Information Centre